Responses for Show #600 - Friday, March 27, 1987

Contestants

[<< previous game]

Dale Webster, a sales representative originally from Omaha, Nebraska

Kate Kahn, a secretary originally from Cincinnati, Ohio

Pam Quillan, a technical manager from Silver Spring, Maryland (whose 1-day cash winnings total $10,400)

Jeopardy! Round responses

TECHNOLOGY
NOVEL PLOTS
WORLD OF BEERS
ROYALTY
NAUTICAL TRIVIA
"SQUARE" DEAL
    $100 18
(satellite) dishes

Pam
    $100 16
Huckleberry Finn

Kate
    $100 1
Mexican

Dale
    $100 6
(Alex: Yes. Diana said, "cherish.")

obey

Dale
    $100 23
drowning

Kate
    $100 7
square knot

Pam
    $200 19
(Pam: What is a record player?)

jukebox

Pam
Triple Stumper
    $200 17
Gulliver's Travels

Pam
    $200 2
Indian

Dale
    $200 12
woman

Pam
    $200 25
dying

Pam
    $200 8
square dancing

Kate
    $300 20
contraceptive pills

Triple Stumper
    $300 24
Dr. Jekyll and Mr. Hyde

Dale
    $300 3
Canadian

Pam
    $300 13
Iran

Dale
    $300 28
whale

Pam
    $300 9
squaring off

Dale
    $400 21
Q Car

Triple Stumper
    $400 26
(Alex: We've got less than a minute to go.)

The Prisoner of Zenda

Kate
    $400 4
Greek

Pam
    $400 14
saints

Kate
    $400 29
[NOTE: The clue was displayed as shown with no apostrophe with "crimp".]

Shanghaiing them

Pam
    $400 10
a square chin or jaw

Pam
    $500 22
nuclear power plant

Dale
    $700 27
(Kate: What is Brave New World?)

The War of the Worlds

Kate
    $500 5
Australian

Kate
    $500 15
Louis XIV

Kate
    $500 30
Barbary Coast

Kate
    $500 11
square ring (square circle)

Kate

Scores at the first commercial break (after clue 17):

Pam Kate Dale
$1,600 $2,200 $1,000

Scores at the end of the Jeopardy! Round:

Pam Kate Dale
$2,400 $2,500 $1,800

Double Jeopardy! Round responses

BLACK AMERICA
ART
ANIMALS IN SONG
ANATOMY
WONDERS
CELEBRITY JEOPARDY!
(Alex: All of the clues are quotes that will help you identify the individual.)
    $200 21
Jackie Robinson

Dale
    $200 16
right hand over the left hand

Kate
    $200 7
Pussycat

Kate
    $200 1
(Dale: What is 200?)

100

KateDale
    $200 2
(Pam: My hero.)

Vanna White

Pam
    $400 22
Ebony

Pam
    $400 17
(Pam: What is tempura?)
(Alex: No.)
(Pam: [A millisecond later] [*]?)
(Alex: No, I can't give it to you. Your first answer was incorrect.)

tempera

PamKate
    $400 8
Clyde

Dale
    $400 23
taste buds

Dale
    $400 12
(Dale: What is Lake Powell?)
(Kate: Lake Havasu, what is Lake Havasu?)

Lake Mead

KateDale
Triple Stumper
    $400 3
Anson Williams

Kate
    $600 18
[NOTE: The clue had quotes and an apostrophe as shown.]

Helga

Kate
    $600 9
[NOTE: The group "America" was shown in quotes with no apostrophe.]

"A Horse with No Name"

Dale
    $600 24
(Alex: Right, named after Gabriel Fallopius.)

Fallopian tube

Kate
    $600 13
mausoleum

Dale
    $600 4
(Pam: Who is Don Pardo?)

Gary Owens

PamKate
    $500 19
(Kate: I'm just going to guess and say, "What is The Orgy"? I don't know.)
(Alex: The Orgy? You saw something in that painting that I didn't?)
(Kate: You said, "hedonistic.")
...
(Alex: We've got less than a minute to go.)

The Garden of Earthly Delights

Kate
    $800 10
(Pam: What is a bumblebee?)

chickadee

Pam
Triple Stumper
    $800 25
central nervous system

Dale
    $800 14
Great Wall of China

Kate
    $800 5
(Kate: Who is Woody Allen?)

Jeff Goldblum

Kate
Triple Stumper
    $1000 20
Édouard Manet

Triple Stumper
    $1000 11
dog & cat

Triple Stumper
    $500 26
[The end-of-round signal sounds.]

filtration

Dale
    $1000 15
the Colossus (of Rhodes)

Pam
    $1000 6
(Dale: Who is Richard Chamberlain?)

Michael York

Dale
Triple Stumper

Scores at the end of the Double Jeopardy! Round:

Pam Kate Dale
$2,200 $4,800 $3,700

[wagering suggestions for these scores]

Final Jeopardy! Round responses

THE CONTINENTS
PamWhat is Antarctica?
$2,200
DaleWhat is South America
$3,600
KateWhat is S. America
$2,000
Antarctica

Final scores:

Pam Kate Dale
$4,400 $2,800 $100
2-day champion: $14,800 2nd place: Tappan electric range + Krups kitchen products 3rd place: Nikko Ceramics dinnerware

Game dynamics:

Coryat scores:

Pam Kate Dale
$2,200 $6,000 $4,200
13 R,
4 W
18 R,
4 W
(including 2 DDs)
14 R
(including 1 DD),
3 W

Combined Coryat: $12,400

[game clues] [game scores] [suggest correction]

Game tape date: 1986-12-02
The J! Archive is created by fans, for fans. Scraping, republication, monetization, and malicious use prohibited; this site may use cookies and collect identifying information. See terms. The Jeopardy! game show and all elements thereof, including but not limited to copyright and trademark thereto, are the property of Jeopardy Productions, Inc. and are protected under law. This website is not affiliated with, sponsored by, or operated by Jeopardy Productions, Inc. Join the discussion at JBoard.tv.